NFL 100: Greatest Players of All Time - Statistics

General Stats
  • This quiz has been taken 786 times
  • The average score is 50 of 100
Answer Stats
# Pos. Team Player % Correct
2 QB New England Patriots Tom Brady
100%
1 WR San Francisco 49ers Jerry Rice
97%
6 QB San Francisco 49ers Joe Montana
94%
8 QB Indianapolis Colts Peyton Manning
94%
10 RB Detroit Lions Barry Sanders
90%
4 RB Cleveland Browns Jim Brown
90%
5 RB Chicago Bears Walter Payton
89%
16 DB Dallas Cowboys Deion Sanders
88%
3 LB New York Giants Lawrence Taylor
87%
98 CB Oakland Raiders Willie Brown
84%
28 DE Buffalo Bills Bruce Smith
82%
19 RB Dallas Cowboys Emmitt Smith
82%
24 WR Minnesota Vikings Randy Moss
81%
41 QB Green Bay Packers Aaron Rodgers
80%
26 QB Green Bay Packers Brett Favre
79%
23 LB Baltimore Ravens Ray Lewis
79%
20 QB Miami Dolphins Dan Marino
76%
18 QB Denver Broncos John Elway
75%
34 QB New Orleans Saints Drew Brees
73%
7 DE Philadelphia Eagles Reggie White
73%
11 DT Pittsburgh Steelers Joe Greene
71%
9 QB Indianapolis Colts Johnny Unitas
71%
88 DT Los Angeles Rams Aaron Donald
69%
72 DT Dallas Cowboys Randy White
69%
56 QB San Francisco 49ers Steve Young
69%
96 CB Washington Redskins Darrell Green
68%
36 TE Kansas City Chiefs Tony Gonzalez
68%
32 S Baltimore Ravens Ed Reed
65%
100 QB Dallas Cowboys Troy Aikman
65%
89 TE New England Patriots Rob Gronkowski
64%
54 RB San Diego Chargers LaDainian Tomlinson
63%
99 RB Pittsburgh Steelers Franco Harris
62%
64 DE Houston Texans J.J. Watt
62%
65 WR Arizona Cardinals Larry Fitzgerald
61%
38 RB Los Angeles Rams Eric Dickerson
59%
63 QB Green Bay Packers Bart Starr
58%
75 QB Pittsburgh Steelers Terry Bradshaw
56%
15 DE Los Angeles Rams Deacon Jones
55%
12 LB Chicago Bears Dick Butkus
55%
85 WR Indianapolis Colts Marvin Harrison
55%
40 RB Buffalo Bills O.J. Simpson
55%
17 QB Cleveland Browns Otto Graham
55%
13 DB San Francisco 49ers Ronnie Lott
55%
14 LT Cincinnati Bengals Anthony Munoz
54%
68 QB New York Jets Joe Namath
54%
87 S Pittsburgh Steelers Troy Polamalu
54%
81 OT Seattle Seahawks Walter Jones
54%
80 RB Minnesota Vikings Adrian Peterson
53%
48 QB Dallas Cowboys Roger Staubach
53%
52 WR San Francisco 49ers Terrell Owens
52%
57 RB St. Louis Rams Marshall Faulk
51%
95 K New England Patriots Adam Vinatieri
49%
83 WR Dallas Cowboys Michael Irvin
49%
74 OL Dallas Cowboys Larry Allen
47%
61 DB Oakland Raiders Charles Woodson
46%
33 CB Detroit Lions Dick "Night Train" Lane
45%
92 QB Minnesota Vikings Fran Tarkenton
45%
37 DB Pittsburgh Steelers Rod Woodson
45%
21 RB Chicago Bears Gale Sayers
44%
78 DE New York Giants Michael Strahan
43%
86 LB Kansas City Chiefs Derrick Thomas
42%
59 RB Houston Oilers Earl Campbell
42%
22 QB Washington Redskins Sammy Baugh
40%
60 LB San Diego Chargers Junior Seau
39%
27 DT Minnesota Vikings Alan Page
38%
73 OL Tennessee Titans Bruce Matthews
38%
46 LB Chicago Bears Mike Singletary
38%
29 LB Pittsburgh Steelers Jack Lambert
36%
79 TE San Diego Chargers Kellen Winslow Sr.
35%
25 WR Green Bay Packers Don Hutson
34%
39 DB Pittsburgh Steelers Mel Blount
32%
90 RB Dallas Cowboys Tony Dorsett
32%
67 LB Pittsburgh Steelers Jack Ham
31%
84 OT Baltimore Ravens Jonathan Ogden
30%
30 G New England Patriots John Hannah
28%
62 WR San Diego Chargers Lance Alworth
25%
77 C Oakland Raiders Jim Otto
24%
31 DT Dallas Cowboys Bob Lilly
23%
55 G Oakland Raiders Gene Upshaw
23%
76 QB Chicago Bears Sid Luckman
23%
66 C Pittsburgh Steelers Mike Webster
22%
69 LT St. Louis Rams Orlando Pace
22%
51 TE Baltimore Colts John Mackey
21%
53 DT Los Angeles Rams Merlin Olsen
21%
42 LB Green Bay Packers Ray Nitschke
21%
44 C/LB Philadelphia Eagles Chuck Bednarik
20%
58 WR Baltimore Colts Raymond Berry
20%
43 T Green Bay Packers Forrest Gregg
19%
91 DE Tampa Bay Buccaneers Lee Roy Selmon
19%
71 LB Oakland Raiders Ted Hendricks
19%
45 RB Canton Bulldogs Jim Thorpe
18%
70 OT Oakland Raiders Art Shell
15%
50 FB Chicago Bears Bronko Nagurski
15%
97 CB New England Patriots Mike Haynes
15%
82 LB Kansas City Chiefs Willie Lanier
15%
47 RB Chicago Bears Red Grange
14%
35 DE Indianapolis Colts Gino Marchetti
12%
93 FB Cleveland Browns Marion Motley
12%
94 DB Green Bay Packers Herb Adderley
9%
49 OG/OT Baltimore Colts Jim Parker
8%
No matching quizzes found
Score Distribution
Percent of People with Each Score
Percentile by Number Answered
Your Score History
You have not taken this quiz